000 00504nam a2200145 a 4500
008 120416s0000 ||||||||||||||||| || u
020 _a0749401400
050 _aHF 5549.5.C6 Bla
100 _aBland, Michael
245 1 0 _aEffective employee communications
260 _aLondon
_bKogan Page
_c1990
300 _a166p. : ill
350 _a0.00
995 _D0.00
_FCBU-MAIN LIBRARY (Kitwe)
_H1
_I16.95
_UAVAILABLE
_ZMain Library Open Access Collection
999 _c41266
_d41266